| 000 | 00414nam a2200181Ia 4500 | ||
|---|---|---|---|
| 008 | 210210b1929 xxu||||| |||| 00| 0 eng d | ||
| 041 | _aeng | ||
| 082 | _a331/109 | ||
| 100 | _aJAIN (L C) | ||
| 245 | _aIndigenous banking in India | ||
| 260 |
_aLondon _bMacmillan & Co. Ltd. _c1929 |
||
| 650 | _aIndigenous | ||
| 650 | _aIndia | ||
| 650 | _ain | ||
| 650 | _abanking | ||
| 690 | _aBanking | ||
| 906 | _a004011 | ||
| 999 |
_c122246 _d122246 |
||